Normal view MARC view
  • Delessert, Etienne,

Entry Nombre Personal

Number of records used in: 1

001 - NUMERO DE CONTROL

  • campo de control: 38987

003 - IDENTIFICADOR DE NUMERO DE CONTROL

  • campo de control: UPN

005 - FECHA Y HORA DE LA ÜLTIMA TRANSACCIÓN

  • campo de control: 20210219194541.0

008 - DATOS DE LONGITUD FIJA

  • campo de control de longitud fija: nabaccnnaabn|||||||||| b |nc|||||d

035 ## - NUMERO DE CONTROL

  • Número de control: UPN11000011094

040 ## - FUENTE DE CATALOGACIÓN

  • Lenguaje de catalogación: SPA
  • Agencia de transcripción: UPN

100 1# - ENCABEZAMIENTO - NOMBRE PERSONAL

  • Nombre personal: Delessert, Etienne,
  • Fechas asociadas con el nombre: 1941-

670 ## - FUENTE EN LA QUE SE LOCALIZARON DATOS

  • Cita de la fuente: LC/P

680 ## - NOTA PUBLICA DE ACCESO PÚBLICO

  • Frase explicativa de la referencia: Nació en Lausana, Suiza. Ahora vive en Lakeville, Connecticut,(E.U.), con su esposa Rita Marshall y su hijo Adrien. Desde hace más de treinta años, este artista autodidacta ha estado traduciendo su-y-las MUNDO ideas, pasiones, fantasías y pesadillas en el lenguaje visual de libros, ilustraciones de revistas, carteles, películas de animación, pinturas y esculturas. Llega a niños y adultos con sus criaturas imaginarias y paisajes, la yuxtaposición de lo familiar con lo fantástico para aclarar este mundo y crear universos nuevos y duraderos.

902 ## - CATALOGADOR

  • Catalogador: MITM/250816